[Event "34th European Club Cup 2018"]
[Site "Halkidiki"]
[Date "2018.10.13"]
[Round "2"]
[White "Noiroux, Kevin"]
[Black "Vozinaki, Anthi - Maria"]
[Result "1-0"]
[WhiteElo "2118"]
[BlackElo "2022"]
[Annotator "NA"]
[PlyCount "107"]
[EventDate "2018.10.12"]
[EventType "team-tourn"]
[EventCountry "GRE"]
[SourceTitle "playchess.com"]
[Source "ChessBase"]
[SourceQuality "1"]
[WhiteTeam "Echiquier Amaytois"]
[BlackTeam "Chania CA"]

1. d4 Nf6 2. Bf4 e6 3. e3 c5 4. c3 Nc6 5. Nf3 cxd4 6. exd4 d6 7. Bd3 Be7 8. O-O b6 9. a4 Bb7 10. Na3 O-O 11. Re1 Re8 12. Nc4 Qc7 13. h3 Nb8 14. Ncd2 a6 15. Qc2 Nbd7 16. Bh2 h6 17. Re2 Bc6 18. c4 Qb7 19. Rae1 Bf8 20. b4 b5 21. d5 exd5 22. Rxe8 Nxe8 23. cxb5 axb5 24. Nd4 Rc8 25. Rxe8 Rxe8 26. axb5 Re1+ 27. Nf1 Bxb5 28. Bxb5 Ne5 29. Bg3 Re4 30. Bxe5 dxe5 31. Qc6 Qxc6 32. Nxc6 d4 33. Nd2 Re1+ 34. Kh2 Bd6 35. g3 Bc7 36. Nf3 Rb1 37. Bd3 Rb3 38. Be4 g6 39. Kg2 Kf8 40. g4 Ke8 41. Nd2 Rc3 42. b5 Kd7 43. Nb4 Bd6 44. Nd5 Rc5 45. Nb6+ Ke6 46. Bc6 f5 47. Be8 Rc2 48. Ndc4 fxg4 49. hxg4 g5 50. Bg6 Re2 51. Bf5+ Ke7 52. Nc8+ Kf6 53. N8xd6 Re1 54. b6 1-0

[Event "34th European Club Cup 2018"]
[Site "Halkidiki"]
[Date "2018.10.13"]
[Round "2"]
[White "Arnott, Jonathan W"]
[Black "Klauner, Theid"]
[Result "1/2-1/2"]
[WhiteElo "2116"]
[BlackElo "2032"]
[Annotator "NA"]
[PlyCount "138"]
[EventDate "2018.10.12"]
[EventType "team-tourn"]
[EventCountry "GRE"]
[SourceTitle "playchess.com"]
[Source "ChessBase"]
[SourceQuality "1"]
[WhiteTeam "White Rose"]
[BlackTeam "Dudelange"]

1. e4 c5 2. g3 Nc6 3. Bg2 g6 4. d3 Bg7 5. f4 e6 6. Nf3 Nge7 7. c3 d5 8. e5 h5 9. Be3 b6 10. Na3 a6 11. Bf2 Bb7 12. d4 c4 13. Nc2 b5 14. Ne3 a5 15. b3 cxb3 16. axb3 Ba6 17. O-O O-O 18. Re1 Rc8 19. Bh3 Na7 20. Qd2 Qb6 21. c4 bxc4 22. Qxa5 Rc6 23. bxc4 dxc4 24. Nxc4 Bxc4 25. Qxb6 Rxb6 26. Rxa7 Nd5 27. Rc1 Bd3 28. Bf1 Bxf1 29. Kxf1 Rfb8 30. Ng5 R6b7 31. Rc8+ Rxc8 32. Rxb7 Rc7 33. Rxc7 Nxc7 34. Ne4 Nd5 35. Ke2 Bf8 36. Be1 Be7 37. Kd3 Kf8 38. Bd2 Nb6 39. Ba5 Nd5 40. Nc3 Nxc3 41. Kxc3 Ke8 42. Kc4 Kd7 43. d5 exd5+ 44. Kxd5 Ba3 45. Bd2 Bb2 46. h3 Ba3 47. Be3 Bb4 48. g4 hxg4 49. hxg4 Bc3 50. f5 gxf5 51. gxf5 Bb2 52. Bg5 Bc3 53. Bf6 Bb4 54. Ke4 Bd2 55. Kf3 Bc1 56. Kg4 Bd2 57. Kh5 Bf4 58. Kg4 Bd2 59. Bg5 Bc3 60. Bf4 Bd4 61. Kh5 Ke7 62. Kh6 Bc3 63. Kg7 Bb2 64. Bg5+ Ke8 65. Bf6 Bc3 66. Kg8 Bb2 67. Bg7 Bc3 68. Bf6 Bb2 69. e6 fxe6 1/2-1/2

[Event "34th European Club Cup 2018"]
[Site "Halkidiki"]
[Date "2018.10.13"]
[Round "2"]
[White "Purton, Ben J"]
[Black "Van Dommelen, Martin"]
[Result "1-0"]
[WhiteElo "2115"]
[BlackElo "2177"]
[Annotator "NA"]
[PlyCount "109"]
[EventDate "2018.10.12"]
[EventType "team-tourn"]
[EventCountry "GRE"]
[SourceTitle "playchess.com"]
[Source "ChessBase"]
[SourceQuality "1"]
[WhiteTeam "Grantham"]
[BlackTeam "Apeldoorn"]

1. e4 e5 2. Nf3 d6 3. Nc3 Nf6 4. d4 exd4 5. Nxd4 Be7 6. Bc4 O-O 7. Qe2 c6 8. O-O b5 9. Bd3 a6 10. Nf3 Bg4 11. Nd1 Nbd7 12. h3 Bh5 13. Bf4 Nc5 14. Qe3 Qd7 15. Nd4 Bg6 16. f3 Rfe8 17. Qd2 Nxd3 18. cxd3 d5 19. Nb3 Qa7+ 20. Be3 c5 21. a4 d4 22. Bf2 Qb6 23. axb5 axb5 24. Qc1 Nd7 25. Be1 f6 26. Na5 Bf7 27. Nf2 Ra6 28. Qd1 Rea8 29. Nb3 Ra4 30. Bd2 Kf8 31. Rb1 c4 32. Nc1 R4a7 33. f4 Rc7 34. Qf3 c3 35. bxc3 dxc3 36. Be3 Bc5 37. e5 Rb8 38. Bxc5+ Qxc5 39. Qe4 Kg8 40. e6 Bg6 41. Qe2 Nf8 42. g4 f5 43. Re1 Re8 44. Qa2 Rce7 45. Re5 Qd4 46. Ne2 Qd6 47. gxf5 Bh5 48. Nxc3 Qd4 49. Nd5 Bf3 50. Nxe7+ Rxe7 51. Qd2 Bc6 52. Qb4 Qd8 53. Rc1 Be8 54. Qc5 g6 55. Rd5 1-0

[Event "34th European Club Cup 2018"]
[Site "Halkidiki"]
[Date "2018.10.13"]
[Round "2"]
[White "Georgakopoulos, Nikolaos K."]
[Black "Umudova, Nargiz"]
[Result "0-1"]
[WhiteElo "2085"]
[BlackElo "2233"]
[Annotator "NA"]
[PlyCount "84"]
[EventDate "2018.10.12"]
[EventType "team-tourn"]
[EventCountry "GRE"]
[SourceTitle "playchess.com"]
[Source "ChessBase"]
[SourceQuality "1"]
[WhiteTeam "Chania CA"]
[BlackTeam "Echiquier Amaytois"]

1. e4 c6 2. Nc3 d5 3. Nf3 g6 4. d4 Bg7 5. e5 Nh6 6. h3 O-O 7. g4 f6 8. exf6 exf6 9. Be3 Nf7 10. Qd2 Nd7 11. O-O-O b5 12. Bd3 Nb6 13. b3 Re8 14. Rdg1 Nd6 15. h4 Nbc4 16. Bxc4 dxc4 17. h5 g5 18. h6 Bf8 19. Kb1 b4 20. Na4 Ne4 21. Qc1 Ba6 22. Rh5 Bb5 23. Nc5 Bxc5 24. dxc5 Nc3+ 25. Ka1 Ne2 26. Qe1 cxb3 27. Qxb4 Nxg1 28. Qxb3+ Qd5 29. Nxg1 Qxb3 30. axb3 Re4 31. c4 Ba6 32. Nf3 Rd8 33. Kb2 Bc8 34. Rh1 Bxg4 35. Nh2 Bd1 36. Nf1 Rd3 37. Nd2 Rexe3 38. fxe3 Rxd2+ 39. Kc1 Bf3 40. Rf1 Rd1+ 41. Rxd1 Bxd1 42. Kxd1 a5 0-1

[Event "34th European Club Cup 2018"]
[Site "Halkidiki"]
[Date "2018.10.13"]
[Round "2"]
[White "Bellincampi, Stefano"]
[Black "Wundermann, Xavier"]
[Result "0-1"]
[WhiteElo "2078"]
[BlackElo "2139"]
[Annotator "NA"]
[PlyCount "74"]
[EventDate "2018.10.12"]
[EventType "team-tourn"]
[EventCountry "GRE"]
[SourceTitle "playchess.com"]
[Source "ChessBase"]
[SourceQuality "1"]
[WhiteTeam "Lazio ASD"]
[BlackTeam "Bois-Colombes"]

1. Nf3 Nf6 2. c4 c6 3. Nc3 d5 4. e3 a6 5. d4 e6 6. b3 Nbd7 7. Bd3 b5 8. Bb2 Rb8 9. Qc2 h6 10. O-O Be7 11. Ne2 O-O 12. Ng3 c5 13. Rfd1 Qb6 14. cxd5 c4 15. Be2 exd5 16. Ne5 Re8 17. Bf3 Bb7 18. Qf5 Qe6 19. Ng6 Bd6 20. Ne5 Nxe5 21. dxe5 Bxe5 22. Bxe5 Qxe5 23. Qxe5 Rxe5 24. Rd4 g6 25. Rad1 Kg7 26. h3 Re7 27. Ne2 Rc7 28. Nc3 cxb3 29. Nxd5 Nxd5 30. Bxd5 Bxd5 31. Rxd5 bxa2 32. R5d2 b4 33. Rxa2 b3 34. Rb2 Rc2 35. Rbb1 a5 36. Kh2 a4 37. Rd3 b2 0-1

[Event "34th European Club Cup 2018"]
[Site "Halkidiki"]
[Date "2018.10.13"]
[Round "2"]
[White "Jessen, Alexander"]
[Black "Nahkur, Madis"]
[Result "0-1"]
[WhiteElo "2060"]
[BlackElo "2013"]
[Annotator "NA"]
[PlyCount "86"]
[EventDate "2018.10.12"]
[EventType "team-tourn"]
[EventCountry "GRE"]
[SourceTitle "playchess.com"]
[Source "ChessBase"]
[SourceQuality "1"]
[WhiteTeam "Jetsmark"]
[BlackTeam "Reval"]

1. d4 Nf6 2. c4 e6 3. Nc3 Bb4 4. e3 c5 5. Bd3 O-O 6. Nf3 b6 7. O-O Bb7 8. a3 Bxc3 9. bxc3 d6 10. Qe2 Nbd7 11. e4 e5 12. Bg5 h6 13. Bh4 Re8 14. d5 Nf8 15. Bg3 g5 16. Ne1 Ng6 17. Nc2 Bc8 18. Ne3 h5 19. f3 h4 20. Be1 Nf4 21. Qd2 N6h5 22. Ra2 Kh7 23. g3 Nh3+ 24. Kh1 hxg3 25. hxg3 Rh8 26. Qd1 Kg7 27. Rh2 N3f4 28. gxf4 exf4 29. Ng4 Ng3+ 30. Bxg3 fxg3 31. Rxh8 Qxh8+ 32. Kg2 Bxg4 33. fxg4 Qh2+ 34. Kf3 g2 35. Rg1 Rh8 36. Qe1 Qf4+ 37. Ke2 Rh3 38. Qd2 Qf3+ 39. Ke1 Rh1 40. Qxg5+ Kh7 41. Kd2 Qf2+ 42. Be2 f6 43. Rxg2 Qe1+ 0-1

[Event "34th European Club Cup 2018"]
[Site "Halkidiki"]
[Date "2018.10.13"]
[Round "2"]
[White "Vogel, Constantin"]
[Black "Bates, Richard A"]
[Result "0-1"]
[WhiteElo "2060"]
[BlackElo "2374"]
[Annotator "NA"]
[PlyCount "76"]
[EventDate "2018.10.12"]
[EventType "team-tourn"]
[EventCountry "GRE"]
[SourceTitle "playchess.com"]
[Source "ChessBase"]
[SourceQuality "1"]
[WhiteTeam "St Benildus"]
[BlackTeam "Blackthorne"]

1. c4 e6 2. g3 Nf6 3. Bg2 d5 4. Nf3 Be7 5. O-O O-O 6. b3 b6 7. Bb2 c5 8. cxd5 Nxd5 9. d4 Bb7 10. dxc5 Bxc5 11. Nbd2 Nd7 12. a3 a5 13. Ne4 Be7 14. Nd4 Qb8 15. Rc1 Nc5 16. Qc2 Rc8 17. Qb1 Nf6 18. Ng5 Bxg2 19. Kxg2 Qb7+ 20. Kg1 Qd5 21. Ngf3 Nxb3 22. Rcd1 a4 23. Nxb3 Qxb3 24. Rd3 Qc2 25. Qxc2 Rxc2 26. Rb1 Rac8 27. Nd4 R2c4 28. Nb5 Nd5 29. Kg2 h6 30. Bd4 f5 31. Be5 Kf7 32. f3 Rc2 33. Kf2 Ra2 34. Ke1 Rcc2 35. Nd4 Rc4 36. Nb5 Bc5 37. Bd6 Rcc2 38. e4 Rxh2 0-1

[Event "34th European Club Cup 2018"]
[Site "Halkidiki"]
[Date "2018.10.13"]
[Round "2"]
[White "Ho, Conrad"]
[Black "Schartz, Alain"]
[Result "0-1"]
[WhiteElo "2056"]
[BlackElo "2107"]
[Annotator "NA"]
[PlyCount "66"]
[EventDate "2018.10.12"]
[EventType "team-tourn"]
[EventCountry "GRE"]
[SourceTitle "playchess.com"]
[Source "ChessBase"]
[SourceQuality "1"]
[WhiteTeam "White Rose"]
[BlackTeam "Dudelange"]

1. e4 c5 2. Nc3 a6 3. Nge2 b5 4. g3 Bb7 5. Bg2 e6 6. O-O Nc6 7. d4 cxd4 8. Nxd4 Nxd4 9. Qxd4 Ne7 10. Bg5 h6 11. Bxe7 Qxe7 12. Rad1 d6 13. Rfe1 Qc7 14. a4 Bc6 15. Nd5 Qb7 16. a5 e5 17. Qd3 Bxd5 18. exd5 Be7 19. f4 exf4 20. Qe2 fxg3 21. hxg3 Ra7 22. Rd4 O-O 23. Qh5 Bg5 24. Rg4 Qc7 25. Be4 Qd8 26. Kg2 Re7 27. Rh1 Re5 28. Rf1 f5 29. Rxf5 Rexf5 30. Qg6 Qf6 31. Bxf5 Qxf5 32. Qe6+ Kh8 33. Re4 Qf1+ 0-1

[Event "34th European Club Cup 2018"]
[Site "Halkidiki"]
[Date "2018.10.13"]
[Round "2"]
[White "Asllani, Ibrahim"]
[Black "Pedersen, Peter Brondt"]
[Result "0-1"]
[WhiteElo "2033"]
[BlackElo "2140"]
[Annotator "NA"]
[PlyCount "80"]
[EventDate "2018.10.12"]
[EventType "team-tourn"]
[EventCountry "GRE"]
[SourceTitle "playchess.com"]
[Source "ChessBase"]
[SourceQuality "1"]
[WhiteTeam "Drejtesia"]
[BlackTeam "Bronshoj"]

1. d4 g6 2. Nf3 Bg7 3. c4 d6 4. g3 Nf6 5. Nc3 O-O 6. Bg2 c6 7. O-O Qa5 8. Bd2 Qh5 9. Re1 e5 10. Bg5 h6 11. Bxf6 Bxf6 12. Ne4 Be7 13. c5 d5 14. g4 Qxg4 15. Nxe5 Qe6 16. Ng3 f5 17. f4 Kg7 18. Qd3 Nd7 19. Bh3 Nxe5 20. fxe5 Bh4 21. Rf1 Qe7 22. Rf3 f4 23. Nf1 Bxh3 24. Rxh3 Qg5+ 25. Kh1 Bf2 26. Nd2 Be3 27. Nf3 Qf5 28. Ng1 Qxd3 29. exd3 Bxd4 30. Nf3 Bxc5 31. d4 Be7 32. Nd2 Bb4 33. Nb3 g5 34. a3 Be7 35. Na5 f3 36. Rg3 Rf4 37. Rf1 g4 38. Nb3 h5 39. Nc5 Bxc5 40. dxc5 Re8 0-1

[Event "34th European Club Cup 2018"]
[Site "Halkidiki"]
[Date "2018.10.13"]
[Round "2"]
[White "Garcia, Jason"]
[Black "Nyysti, Sampsa"]
[Result "0-1"]
[WhiteElo "2027"]
[BlackElo "2299"]
[Annotator "NA"]
[PlyCount "100"]
[EventDate "2018.10.12"]
[EventType "team-tourn"]
[EventCountry "GRE"]
[SourceTitle "playchess.com"]
[Source "ChessBase"]
[SourceQuality "1"]
[WhiteTeam "White Knights"]
[BlackTeam "Comeon"]

1. e4 e5 2. Nf3 Nc6 3. d4 exd4 4. Nxd4 Nf6 5. Nc3 Bb4 6. Nxc6 bxc6 7. Bd3 d5 8. exd5 O-O 9. O-O Bg4 10. f3 Bh5 11. Bf4 cxd5 12. Ne2 c6 13. c3 Bc5+ 14. Kh1 a5 15. Qd2 Re8 16. Rae1 Bg6 17. Ng3 Qb6 18. Bxg6 hxg6 19. b3 Nd7 20. Rxe8+ Rxe8 21. Re1 Ra8 22. Nf1 Nf8 23. Be3 Ne6 24. Bxc5 Qxc5 25. Ne3 Qb6 26. Ng4 a4 27. b4 a3 28. Ne5 Re8 29. Nd3 Rd8 30. g3 Qb5 31. Ne5 c5 32. Qc1 cxb4 33. cxb4 d4 34. Qc4 Qb7 35. Nxf7 Qxf3+ 36. Kg1 Qxf7 37. Qxe6 Qxe6 38. Rxe6 Kf7 39. Re2 Rb8 40. Rd2 Rxb4 41. Rd3 Ke6 42. Rxa3 Rb2 43. Rd3 Kd5 44. a4 Ra2 45. Rd1 Kc4 46. h4 d3 47. Kf1 Kd4 48. a5 Rxa5 49. Kf2 Rf5+ 50. Ke1 Ke5 0-1

[Event "34th European Club Cup 2018"]
[Site "Halkidiki"]
[Date "2018.10.13"]
[Round "2"]
[White "Ledger, Stephen C"]
[Black "Kenny, William"]
[Result "1-0"]
[WhiteElo "2020"]
[BlackElo "1787"]
[Annotator "NA"]
[PlyCount "93"]
[EventDate "2018.10.12"]
[EventType "team-tourn"]
[EventCountry "GRE"]
[SourceTitle "playchess.com"]
[Source "ChessBase"]
[SourceQuality "1"]
[WhiteTeam "Blackthorne"]
[BlackTeam "St Benildus"]

1. d4 d5 2. Bf4 Nf6 3. e3 c5 4. c3 Nc6 5. Nd2 Qb6 6. Qb3 Bf5 7. dxc5 Qxb3 8. axb3 e5 9. Bg3 Bxc5 10. b4 Bd6 11. Ngf3 Nd7 12. Bb5 O-O 13. O-O Rfc8 14. Rfd1 f6 15. Ba4 Nb6 16. Bb3 Kf8 17. Nh4 Bd7 18. e4 Ne7 19. exd5 Nbxd5 20. Ne4 Bc7 21. c4 Nb6 22. c5 Nbd5 23. Bxd5 Nxd5 24. Rxd5 Bc6 25. Nc3 Bxd5 26. Nxd5 Bd8 27. f4 exf4 28. Bxf4 g6 29. Nf3 Kf7 30. Nd4 a5 31. Bd6 axb4 32. Rxa8 Rxa8 33. Nxb4 Be7 34. Bxe7 Kxe7 35. Kf2 Rd8 36. Ke3 Rc8 37. Nd5+ Kf7 38. b4 f5 39. Nb5 Re8+ 40. Kd3 Kf8 41. Nd6 Rb8 42. Kc4 f4 43. b5 g5 44. c6 bxc6 45. bxc6 Rb1 46. c7 Rc1+ 47. Nc3 1-0

[Event "34th European Club Cup 2018"]
[Site "Halkidiki"]
[Date "2018.10.13"]
[Round "2"]
[White "Palsson, Halldor"]
[Black "Jashari, Ardian"]
[Result "0-1"]
[WhiteElo "2020"]
[BlackElo "2113"]
[Annotator "NA"]
[PlyCount "100"]
[EventDate "2018.10.12"]
[EventType "team-tourn"]
[EventCountry "GRE"]
[SourceTitle "playchess.com"]
[Source "ChessBase"]
[SourceQuality "1"]
[WhiteTeam "Viking CC"]
[BlackTeam "Dardania"]

1. b3 e5 2. Bb2 Nc6 3. e3 d5 4. Bb5 Bd6 5. Nf3 f6 6. d4 e4 7. Nfd2 a6 8. Bxc6+ bxc6 9. c4 f5 10. Nc3 Nf6 11. Qe2 O-O 12. O-O-O a5 13. f4 Ba6 14. h3 Qe7 15. g4 dxc4 16. Nxc4 Nd5 17. Na4 Bb5 18. Kb1 Rab8 19. Ka1 Bxa4 20. bxa4 Rb4 21. Qc2 Rbb8 22. a3 Nb6 23. Nxa5 Ra8 24. Nxc6 Qf7 25. a5 Nc4 26. Qb3 Ra6 27. d5 Nxa5 28. Nxa5 Rxa5 29. Rd4 Rfa8 30. a4 Qd7 31. gxf5 Qxf5 32. Rhd1 R5a6 33. Qc2 Re8 34. Rc4 Rb6 35. Bc3 Qxh3 36. Bd4 Ra6 37. Rg1 Re7 38. Bc3 Qxe3 39. Re1 Qxf4 40. Rcxe4 Rxe4 41. Rxe4 Qf1+ 42. Re1 Qc4 43. Re4 Qc5 44. a5 Qa3+ 45. Kb1 Ra8 46. Qb2 Qc5 47. Rg4 g6 48. Bh8 Bf8 49. Bc3 Qxd5 50. Ra4 Qd1+ 0-1

[Event "34th European Club Cup 2018"]
[Site "Halkidiki"]
[Date "2018.10.13"]
[Round "2"]
[White "Petrakis, Stylianos"]
[Black "Buhr, Carl Christian"]
[Result "0-1"]
[WhiteElo "2000"]
[BlackElo "2342"]
[Annotator "NA"]
[PlyCount "70"]
[EventDate "2018.10.12"]
[EventType "team-tourn"]
[EventCountry "GRE"]
[SourceTitle "playchess.com"]
[Source "ChessBase"]
[SourceQuality "1"]
[WhiteTeam "Chania CC"]
[BlackTeam "Bonnevoie"]

1. e4 c5 2. Nf3 e6 3. d4 cxd4 4. Nxd4 Nf6 5. Nc3 d6 6. Be3 a6 7. f3 Qc7 8. Qd2 Nbd7 9. O-O-O Be7 10. g4 Ne5 11. Qg2 b5 12. g5 Nfd7 13. f4 Nc4 14. Bxc4 Qxc4 15. Nb3 Qc7 16. Bd4 b4 17. Ne2 e5 18. Be3 a5 19. Kb1 a4 20. Nbc1 Ba6 21. Ng3 exf4 22. Bxf4 Ne5 23. Nf5 O-O 24. Bxe5 dxe5 25. h4 Rfd8 26. h5 a3 27. Rxd8+ Rxd8 28. g6 Bf6 29. Rg1 fxg6 30. hxg6 axb2 31. Nb3 Bc4 32. Qf3 Qa7 33. gxh7+ Kh8 34. Rh1 Qa3 35. Ne3 Ra8 0-1

[Event "34th European Club Cup 2018"]
[Site "Halkidiki"]
[Date "2018.10.13"]
[Round "2"]
[White "Mahmuti, Ajet"]
[Black "Runarsson, Gunnar"]
[Result "0-1"]
[WhiteElo "1993"]
[BlackElo "1937"]
[Annotator "NA"]
[PlyCount "86"]
[EventDate "2018.10.12"]
[EventType "team-tourn"]
[EventCountry "GRE"]
[SourceTitle "playchess.com"]
[Source "ChessBase"]
[SourceQuality "1"]
[WhiteTeam "Dardania"]
[BlackTeam "Viking CC"]

1. e4 c6 2. d4 d5 3. Nc3 dxe4 4. Nxe4 Nf6 5. Nxf6+ exf6 6. Nf3 Bd6 7. Bd3 O-O 8. Be3 Bg4 9. h3 Bh5 10. g4 Bg6 11. h4 Nd7 12. h5 Bxd3 13. Qxd3 Qa5+ 14. c3 Qd5 15. Rh3 Ne5 16. Qf5 Nc4 17. Qxd5 cxd5 18. O-O-O Rfe8 19. Nh4 Re4 20. Rg1 g6 21. b3 Nxe3 22. fxe3 b5 23. Kd2 Rc8 24. Kd3 Re7 25. Rf3 Rec7 26. Rc1 Bb4 27. c4 bxc4+ 28. bxc4 dxc4+ 29. Kc2 Re7 30. Ng2 Re4 31. Nf4 Rd8 32. Rb1 a5 33. hxg6 fxg6 34. Rh3 g5 35. Nh5 Kf7 36. Rf1 Rxg4 37. Rxf6+ Ke7 38. Rhf3 Rg2+ 39. Kd1 c3 40. Rf7+ Kd6 41. e4 Rd2+ 42. Ke1 Rxd4 43. R3f6+ Kc5 0-1

[Event "34th European Club Cup 2018"]
[Site "Halkidiki"]
[Date "2018.10.13"]
[Round "2"]
[White "Reichardt, Robin"]
[Black "Wambach, Patrick"]
[Result "1-0"]
[WhiteElo "1993"]
[BlackElo "1958"]
[Annotator "NA"]
[PlyCount "102"]
[EventDate "2018.10.12"]
[EventType "team-tourn"]
[EventCountry "GRE"]
[SourceTitle "playchess.com"]
[Source "ChessBase"]
[SourceQuality "1"]
[WhiteTeam "En Passant"]
[BlackTeam "Echternach"]

1. d4 d6 2. c4 Nf6 3. Nf3 g6 4. Nc3 Bg7 5. e4 O-O 6. Be2 e5 7. O-O Nc6 8. d5 Ne7 9. Ne1 Nd7 10. Be3 f5 11. f3 f4 12. Bf2 g5 13. Rc1 Ng6 14. c5 Nxc5 15. b4 Na6 16. Nb5 Bd7 17. Nxa7 Qb8 18. Bxa6 Rxa7 19. Bc4 b5 20. Bb3 Rb7 21. Nd3 Kh8 22. a4 bxa4 23. Bxa4 Qe8 24. Bc6 Bxc6 25. dxc6 Rb8 26. Qa4 Qe6 27. b5 g4 28. Be1 gxf3 29. Rxf3 Ra8 30. Qc4 Qxc4 31. Rxc4 Rfb8 32. Rb4 Bf6 33. Rf2 Bh4 34. Rfb2 Bxe1 35. Nxe1 Rb6 36. Nf3 Ne7 37. Nd2 Rab8 38. R4b3 Kg7 39. Kf2 h5 40. Nc4 Nc8 41. Nxb6 Nxb6 42. Ra2 Kf6 43. Ra7 Rc8 44. Rba3 Ke6 45. R3a6 d5 46. exd5+ Nxd5 47. Ra8 Rxa8 48. Rxa8 e4 49. Rh8 Ke5 50. Rxh5+ Kd4 51. Rxd5+ Kxd5 1-0

[Event "34th European Club Cup 2018"]
[Site "Halkidiki"]
[Date "2018.10.13"]
[Round "2"]
[White "Lyons, Brendan"]
[Black "Webb, Laurence E"]
[Result "1/2-1/2"]
[WhiteElo "1961"]
[BlackElo "2342"]
[Annotator "NA"]
[PlyCount "112"]
[EventDate "2018.10.12"]
[EventType "team-tourn"]
[EventCountry "GRE"]
[SourceTitle "playchess.com"]
[Source "ChessBase"]
[SourceQuality "1"]
[WhiteTeam "St Benildus"]
[BlackTeam "Blackthorne"]

1. e4 e6 2. d3 d5 3. Nd2 Nf6 4. Ngf3 Be7 5. g3 dxe4 6. dxe4 Nc6 7. Bg2 e5 8. O-O O-O 9. c3 Be6 10. Qc2 a5 11. Rd1 Qc8 12. Nf1 Rd8 13. Bg5 h6 14. Bxf6 Bxf6 15. Ne3 Be7 16. Nd5 Bc5 17. b4 Bd6 18. b5 Bxd5 19. Rxd5 Ne7 20. Rd2 Qe6 21. Rad1 Ng6 22. h4 Nf8 23. Kh2 Nh7 24. Bh3 Qe7 25. Ne1 Nf6 26. Ng2 Bc5 27. Rxd8+ Rxd8 28. Rxd8+ Qxd8 29. Ne1 Qd6 30. f3 Ba7 31. Bg2 Qc5 32. Nd3 Qxb5 33. c4 Qe8 34. Qb2 Qd8 35. Qxb7 Bd4 36. Qb5 Bg1+ 37. Kxg1 Qxd3 38. Qxa5 Qxc4 39. Qxe5 c5 40. Qf5 Qd4+ 41. Kh2 g6 42. Qc8+ Kg7 43. a4 Qc3 44. Qc7 c4 45. a5 Qa3 46. Qxc4 Qxa5 47. Qd4 Qe1 48. Kh3 g5 49. hxg5 hxg5 50. Qe5 Qe3 51. f4 gxf4 52. Qg5+ Kf8 53. Qxf4 Qxf4 54. gxf4 Ke7 55. Kh4 Nd7 56. Bh3 Nc5 1/2-1/2

[Event "34th European Club Cup 2018"]
[Site "Halkidiki"]
[Date "2018.10.13"]
[Round "2"]
[White "Nilsson, Lars Kjoller"]
[Black "Duijn, Rob"]
[Result "0-1"]
[WhiteElo "1948"]
[BlackElo "2169"]
[Annotator "NA"]
[PlyCount "134"]
[EventDate "2018.10.12"]
[EventType "team-tourn"]
[EventCountry "GRE"]
[SourceTitle "playchess.com"]
[Source "ChessBase"]
[SourceQuality "1"]
[WhiteTeam "Hillerod"]
[BlackTeam "Deloitte"]

1. e4 c6 2. d4 d5 3. e5 Bf5 4. Ne2 e6 5. Ng3 Bg6 6. h4 h6 7. h5 Bh7 8. Bd3 Bxd3 9. Qxd3 Qa5+ 10. Bd2 Qa6 11. Nc3 Qxd3 12. cxd3 Nd7 13. f4 f5 14. Nge2 Ne7 15. O-O-O b5 16. Kb1 Rg8 17. Rh3 Kf7 18. Rdh1 g6 19. Rg3 gxh5 20. Rxg8 Kxg8 21. Rxh5 Kh7 22. Rh3 Ng6 23. Nd1 Bg7 24. Bb4 Rg8 25. Ne3 Bf8 26. Bxf8 Ngxf8 27. Rh1 Ng6 28. g4 Ne7 29. g5 Rg6 30. b4 Kg7 31. gxh6+ Rxh6 32. Rxh6 Kxh6 33. Kc2 Kh5 34. Kd2 Kh4 35. Ke1 Ng6 36. Kf2 Nb6 37. Ng1 Nxf4 38. Nf3+ Kh5 39. Ne1 Na4 40. Kf3 Kg5 41. Nd1 Ng6 42. Ng2 f4 43. Nf2 Nc3 44. Nh3+ Kf5 45. a3 Nb1 46. Nhxf4 Nxf4 47. Nxf4 Nxa3 48. Nh5 Kg6 49. Nf4+ Kf7 50. Ke2 Nc2 51. Kd2 Nxb4 52. Kc3 a5 53. Kb3 Ke7 54. Ng6+ Ke8 55. Nf4 Kd7 56. Ng6 Nxd3 57. Kc3 Nf2 58. Nf8+ Ke7 59. Ng6+ Ke8 60. Nf4 Kd7 61. Ng6 Ne4+ 62. Kb3 Ng3 63. Nf4 Nf5 64. Ne2 Kc7 65. Kc2 Kb6 66. Kd3 a4 67. Nf4 a3 0-1

[Event "34th European Club Cup 2018"]
[Site "Halkidiki"]
[Date "2018.10.13"]
[Round "2"]
[White "Sparwel, Oliver"]
[Black "Drent, Sjoerd"]
[Result "1/2-1/2"]
[WhiteElo "1940"]
[BlackElo "2001"]
[Annotator "NA"]
[PlyCount "51"]
[EventDate "2018.10.12"]
[EventType "team-tourn"]
[EventCountry "GRE"]
[SourceTitle "playchess.com"]
[Source "ChessBase"]
[SourceQuality "1"]
[WhiteTeam "Echternach"]
[BlackTeam "En Passant"]

1. d4 d5 2. c4 e6 3. Nf3 f5 4. Nc3 c6 5. Bf4 Nf6 6. e3 Bd6 7. Bxd6 Qxd6 8. c5 Qe7 9. b4 O-O 10. Be2 Nbd7 11. Ne5 Nxe5 12. dxe5 Nd7 13. f4 b6 14. Qa4 bxc5 15. Qxc6 Rb8 16. bxc5 Nxc5 17. Rb1 Bd7 18. Qc7 Rxb1+ 19. Nxb1 Rc8 20. Qa5 Nd3+ 21. Kd2 Nf2 22. Rc1 Ne4+ 23. Kd1 Nf2+ 24. Kd2 Ne4+ 25. Kd1 Nf2+ 26. Kd2 1/2-1/2

[Event "34th European Club Cup 2018"]
[Site "Halkidiki"]
[Date "2018.10.13"]
[Round "2"]
[White "Tardi, Oscar"]
[Black "Ferraro, Pietro"]
[Result "1-0"]
[WhiteElo "1931"]
[BlackElo "1951"]
[Annotator "NA"]
[PlyCount "113"]
[EventDate "2018.10.12"]
[EventType "team-tourn"]
[EventCountry "GRE"]
[SourceTitle "playchess.com"]
[Source "ChessBase"]
[SourceQuality "1"]
[WhiteTeam "Bois-Colombes"]
[BlackTeam "Lazio ASD"]

1. e4 d5 2. exd5 Nf6 3. Bb5+ Bd7 4. Bc4 c5 5. dxc6 Nxc6 6. Nf3 h6 7. Nc3 e5 8. d3 Bb4 9. O-O O-O 10. Ne4 Rc8 11. a3 Be7 12. h3 Bf5 13. Ng3 Bh7 14. Qe2 Qc7 15. Bb3 b5 16. Bd2 a5 17. Rfe1 Bd6 18. Ne4 Bxe4 19. dxe4 Rb8 20. Bc3 b4 21. axb4 axb4 22. Bd2 Na5 23. Ba4 Rfd8 24. Bb5 Qb6 25. Bd3 Bc7 26. b3 Nd7 27. Be3 Qf6 28. Nd2 Nc6 29. Ra6 Nb6 30. Rea1 Nd4 31. Qg4 Rd6 32. Bxd4 exd4 33. Ra7 Bd8 34. Nc4 Nxc4 35. Bxc4 Be7 36. Ra8 Rdd8 37. R8a6 Rd6 38. Rxd6 Bxd6 39. Ra7 Rf8 40. Ra6 Qe7 41. Qf5 Qc7 42. Bd3 g6 43. Qf6 Be5 44. Qh4 Kg7 45. Qg4 h5 46. Qf3 Qc3 47. g3 Qd2 48. Ra5 f6 49. Qe2 Qc1+ 50. Kg2 h4 51. f4 Bb8 52. Rb5 hxg3 53. Rb7+ Kh6 54. f5 Bf4 55. Qg4 Qd2+ 56. Be2 Bg5 57. fxg6 1-0